000 00630nam a2200217 a 4500
005 20140310183319.0
008 060116s19uu xx 00 eng d
020 _a0072557524
050 _aHG 4026
_b.B6668 2004
100 _aBrealey, Richard A.
245 _aFundamentals of corporate finance /
_cRichard A. Brealey, Stewart C. Myers and Alan J. Marcus.
250 _a4th ed.
260 _c2004.
_aBoston :
_bIrwin,
300 _a736 p. :
_bill. ;
_c23 cm.
521 _aBSBA
650 _aCorporations
_xFinance.
700 _aMyers, Stewart C.
700 _aMarcus, Alan J.
942 _cBK
_2lcc
_kFOR
999 _c21350
_d21350